Economics /
Enregistré dans:
| Auteur principal: | |
|---|---|
| Format: | Livre |
| Publié: |
Boston :
McGraw-Hill/Irwin,
c2008.
|
| Édition: | 7th ed. |
| Sujets: | |
| Accès en ligne: | http://www.loc.gov/catdir/enhancements/fy0743/2007024105-t.html http://www.loc.gov/catdir/enhancements/fy0743/2007024105-d.html |
| Tags: |
Ajouter un tag
Pas de tags, Soyez le premier à ajouter un tag!
|
MARC
| LEADER | 00000cam a2200000 a 4500 | ||
|---|---|---|---|
| 020 | |a 9780073402864 |c TZS 10,000/= | ||
| 020 | |a 0073402869 | ||
| 040 | |a MUL |b eng |e AACR | ||
| 082 | 0 | 0 | |a 330 COL |
| 100 | 1 | |a Colander, David C. | |
| 245 | 1 | 0 | |a Economics / |c David C. Colander. |
| 250 | |a 7th ed. | ||
| 260 | |a Boston : |b McGraw-Hill/Irwin, |c c2008. | ||
| 300 | |a 813 [62] p. : |b ill. ; |c 26cm. | ||
| 504 | |a Includes index. | ||
| 546 | |a eng | ||
| 650 | 0 | |a Economics. | |
| 856 | 4 | 1 | |u http://www.loc.gov/catdir/enhancements/fy0743/2007024105-t.html |
| 856 | 4 | 2 | |u http://www.loc.gov/catdir/enhancements/fy0743/2007024105-d.html |
| 942 | |c BK | ||
| 999 | |c 9379 |d 9379 | ||